|
|
|
|
| LEADER |
02077nam a2200625 4500 |
| 001 |
ocn885020639 |
| 003 |
OCoLC |
| 005 |
20170124071920.8 |
| 006 |
m o d |
| 007 |
cr |n||||||||| |
| 008 |
140801s2014 gw ob 001 0 eng d |
| 040 |
|
|
|a IDEBK
|b eng
|e pn
|c IDEBK
|d E7B
|d UKMGB
|d DG1
|d CDX
|d YDXCP
|d OCLCF
|d OCLCQ
|d COO
|d DEBBG
|d OCLCQ
|d K6U
|d GrThAP
|
| 016 |
7 |
|
|a 016863750
|2 Uk
|
| 019 |
|
|
|a 961695236
|a 962721790
|
| 020 |
|
|
|a 9783527649686
|q (electronic bk.)
|
| 020 |
|
|
|a 3527649689
|q (electronic bk.)
|
| 020 |
|
|
|a 1322007446
|q (ebk)
|
| 020 |
|
|
|a 9781322007441
|q (ebk)
|
| 020 |
|
|
|a 9783527327652
|
| 020 |
|
|
|a 3527327657
|
| 020 |
|
|
|a 9783527649716
|q (e-book)
|
| 020 |
|
|
|a 3527649719
|q (e-book)
|
| 020 |
|
|
|a 9783527649709
|q (ePub)
|
| 020 |
|
|
|a 3527649700
|q (ePub)
|
| 020 |
|
|
|a 9783527649693
|q (mobi)
|
| 020 |
|
|
|a 3527649697
|q (mobi)
|
| 029 |
1 |
|
|a AU@
|b 000053548460
|
| 029 |
1 |
|
|a CHBIS
|b 010259767
|
| 029 |
1 |
|
|a CHVBK
|b 325941432
|
| 029 |
1 |
|
|a DEBBG
|b BV042987680
|
| 029 |
1 |
|
|a NZ1
|b 15908968
|
| 029 |
1 |
|
|a DEBBG
|b BV043397005
|
| 035 |
|
|
|a (OCoLC)885020639
|z (OCoLC)961695236
|z (OCoLC)962721790
|
| 037 |
|
|
|a 631995
|b MIL
|
| 050 |
|
4 |
|a TA418.9.N35
|
| 082 |
0 |
4 |
|a 620.1/15
|2 23
|
| 049 |
|
|
|a MAIN
|
| 100 |
1 |
|
|a Fritzsche, Wolfgang,
|c Dr.
|
| 245 |
1 |
0 |
|a Molecular plasmonics /
|c Wolfgang Fritzsche and Marc Lamy de la Chapelle.
|
| 264 |
|
1 |
|a Weinheim :
|b Wiley-VCH,
|c 2014.
|
| 300 |
|
|
|a 1 online resource.
|
| 336 |
|
|
|a text
|b txt
|2 rdacontent
|
| 337 |
|
|
|a computer
|b c
|2 rdamedia
|
| 338 |
|
|
|a online resource
|b cr
|2 rdacarrier
|
| 504 |
|
|
|a Includes bibliographical references and index.
|
| 588 |
0 |
|
|a Print version record.
|
| 650 |
|
0 |
|a Nanostructured materials.
|
| 650 |
|
0 |
|a Plasmons (Physics)
|
| 650 |
|
7 |
|a Nanostructured materials.
|2 fast
|0 (OCoLC)fst01032630
|
| 650 |
|
7 |
|a Plasmons (Physics)
|2 fast
|0 (OCoLC)fst01066408
|
| 655 |
|
4 |
|a Electronic books.
|
| 700 |
1 |
|
|a Lamy de la Chapelle, Marc.
|
| 776 |
0 |
8 |
|i Print version:
|z 9781322007441
|
| 856 |
4 |
0 |
|u https://doi.org/10.1002/9783527649686
|z Full Text via HEAL-Link
|
| 994 |
|
|
|a 92
|b DG1
|